[Event "Mexican op 66th"]
[Site "Villahermosa"]
[Date "2021.08.07"]
[Round "6"]
[White "Fortanelli Rios, Juan Manuel"]
[Black "Quiroga Garza, Juan Manuel"]
[Result "0-1"]
[WhiteElo "1916"]
[BlackElo "2152"]
[PlyCount "74"]
[EventDate "2021.08.04"]
[EventType "swiss"]
[EventRounds "8"]
[EventCountry "MEX"]
[SourceTitle "CBM 203 Extra"]
[Source "ChessBase"]
[SourceDate "2021.09.30"]
[SourceVersion "1"]
[SourceVersionDate "2021.09.30"]
[SourceQuality "1"]

1. e4 e5 2. Nf3 Nc6 3. d4 exd4 4. Nxd4 Nf6 5. Nxc6 bxc6 6. e5 Qe7 7. Qe2 Nd5 8. c4 Ba6 9. h4 Nb6 10. b3 0-0-0 11. Rh3 Re8 12. Bb2 d5 13. Nd2 Qd7 14. 0-0-0 c5 15. f4 f6 16. Qf2 d4 17. Re1 fxe5 18. fxe5 Bb7 19. Bd3 g6 20. h5 Rg8 21. hxg6 hxg6 22. Ne4 Be7 23. Rh7 Bxe4 24. Rxe7 Qxe7 25. Rxe4 Qg5+ 26. Kc2 Rgf8 27. Qe2 Qg3 28. Qg4+ Qxg4 29. Rxg4 Rf2+ 30. Kb1 Rxe5 31. Bc1 Re1 32. Rxg6 Rd2 33. Bf5+ Kb7 34. Re6 Rg1 35. Be4+ Ka6 36. Bf3 d3 37. Rf6 Rc2 0-1

[Event "Mexican op 66th"]
[Site "Villahermosa"]
[Date "2021.08.06"]
[Round "4"]
[White "Fortanelli Rios, Juan Manuel"]
[Black "Silva Hernandez, Jose Luis"]
[Result "1-0"]
[WhiteElo "1916"]
[BlackElo "2023"]
[PlyCount "49"]
[EventDate "2021.08.04"]
[EventType "swiss"]
[EventRounds "8"]
[EventCountry "MEX"]
[SourceTitle "CBM 203 Extra"]
[Source "ChessBase"]
[SourceDate "2021.09.30"]
[SourceVersion "1"]
[SourceVersionDate "2021.09.30"]
[SourceQuality "1"]

1. e4 c5 2. Nf3 Nc6 3. Bb5 g6 4. Bxc6 dxc6 5. d3 Bg7 6. h3 Nf6 7. Nc3 0-0 8. Be3 Nd7 9. Qd2 e5 10. Bh6 Re8 11. 0-0-0 Nf8 12. Rdg1 Qa5 13. Kb1 b5 14. h4 Be6 15. Bxg7 Kxg7 16. h5 b4 17. hxg6 fxg6 18. Qh6+ Kg8 19. Nd1 Bxa2+ 20. Kc1 Bf7 21. Ng5 Qc7 22. Nxh7 Nxh7 23. Qxh7+ Kf8 24. Rh3 Ke7 25. Qxf7+ 1-0

[Event "Mexican op 66th"]
[Site "Villahermosa"]
[Date "2021.08.06"]
[Round "5"]
[White "Garcia Nevarez, Moises Omar"]
[Black "Fortanelli Rios, Juan Manuel"]
[Result "1/2-1/2"]
[WhiteElo "2029"]
[BlackElo "1916"]
[PlyCount "42"]
[EventDate "2021.08.04"]
[EventType "swiss"]
[EventRounds "8"]
[EventCountry "MEX"]
[SourceTitle "CBM 203 Extra"]
[Source "ChessBase"]
[SourceDate "2021.09.30"]
[SourceVersion "1"]
[SourceVersionDate "2021.09.30"]
[SourceQuality "1"]

1. Nf3 c5 2. e4 d6 3. Bb5+ Nd7 4. a4 Ngf6 5. Nc3 a6 6. Be2 e5 7. 0-0 Be7 8. Bc4 0-0 9. d3 b6 10. h3 Bb7 11. Nh2 Re8 12. Bb3 h6 13. f4 exf4 14. Bxf4 Nf8 15. Ng4 Ne6 16. Be3 Nxg4 17. Qxg4 Bg5 18. Bxg5 Qxg5 19. Bxe6 Rxe6 20. Qxg5 hxg5 21. Rf5 f6 1/2-1/2

[Event "Mexican op 66th"]
[Site "Villahermosa"]
[Date "2021.08.04"]
[Round "1"]
[White "Tapie Amione, Pablo Adib"]
[Black "Fortanelli Rios, Juan Manuel"]
[Result "1/2-1/2"]
[WhiteElo "2313"]
[BlackElo "1916"]
[PlyCount "32"]
[EventDate "2021.08.04"]
[EventType "swiss"]
[EventRounds "8"]
[EventCountry "MEX"]
[SourceTitle "CBM 203 Extra"]
[Source "ChessBase"]
[SourceDate "2021.09.30"]
[SourceVersion "1"]
[SourceVersionDate "2021.09.30"]
[SourceQuality "1"]

1. e4 c5 2. Nf3 d6 3. d4 cxd4 4. Nxd4 Nf6 5. Nc3 Nc6 6. Bg5 e6 7. Qd2 a6 8. 0-0-0 h6 9. Bf4 Bd7 10. Nb3 Ne5 11. Bg3 Nh5 12. f4 Nxg3 13. hxg3 Nc6 14. g4 b5 15. a3 Be7 16. g5 Rb8 1/2-1/2

[Event "FIDE World Cup Mexico Qual"]
[Site "Mexico City"]
[Date "2021.05.30"]
[Round "9"]
[White "Fortanelli Rios, Juan Manuel"]
[Black "Luna Javier, Edgar Froylan"]
[Result "0-1"]
[WhiteElo "1887"]
[BlackElo "2141"]
[PlyCount "100"]
[EventDate "2021.05.26"]
[EventType "swiss"]
[EventRounds "9"]
[EventCountry "MEX"]
[SourceTitle "CBM 202 Extra"]
[Source "ChessBase"]
[SourceDate "2021.07.31"]
[SourceVersion "1"]
[SourceVersionDate "2021.07.31"]
[SourceQuality "1"]

1. e4 c5 2. Nf3 g6 3. d4 cxd4 4. Nxd4 Nf6 5. Nc3 d6 6. Be2 Bg7 7. 0-0 0-0 8. Re1 Nc6 9. Nb3 a5 10. Bb5 Bd7 11. a4 Rc8 12. Nd5 Ne5 13. Bg5 Nxd5 14. exd5 h6 15. Bd2 Bxb5 16. axb5 Nc4 17. Bxa5 Nxa5 18. Rxa5 Bxb2 19. Ra4 Qc7 20. Re2 Ra8 21. Rae4 Be5 22. f4 Bf6 23. Qd3 Qb6+ 24. Kh1 Rfc8 25. c4 Ra3 26. h4 Rca8 27. h5 g5 28. Qg3 Rxb3 29. Qxb3 Ra1+ 30. Re1 Rxe1+ 31. Rxe1 Qf2 32. Qe3 Qh4+ 33. Kg1 gxf4 34. Qe4 Bd4+ 35. Qxd4 Qxe1+ 36. Kh2 Qg3+ 37. Kh1 Qe1+ 38. Kh2 Qg3+ 39. Kh1 f3 40. gxf3 Qxf3+ 41. Kg1 Qxh5 42. Qb6 Qg4+ 43. Kh1 Qh3+ 44. Kg1 Qc8 45. Kh1 h5 46. Qa7 Kh7 47. Qb6 h4 48. Qe3 Qxc4 49. Qg5 Qe4+ 50. Kh2 Qe5+ 0-1

[Event "FIDE World Cup Mexico Qual"]
[Site "Mexico City"]
[Date "2021.05.29"]
[Round "7"]
[White "Fortanelli Rios, Juan Manuel"]
[Black "Ruiz Ortiz, Gabriel Abraham"]
[Result "1-0"]
[WhiteElo "1887"]
[BlackElo "1311"]
[PlyCount "83"]
[EventDate "2021.05.26"]
[EventType "swiss"]
[EventRounds "9"]
[EventCountry "MEX"]
[SourceTitle "CBM 202 Extra"]
[Source "ChessBase"]
[SourceDate "2021.07.31"]
[SourceVersion "1"]
[SourceVersionDate "2021.07.31"]
[SourceQuality "1"]

1. e4 c5 2. Nf3 g6 3. d4 cxd4 4. Nxd4 Bg7 5. c4 Nc6 6. Be3 Nf6 7. Nc3 Ng4 8. Qxg4 Nxd4 9. Qd1 e5 10. Bd3 d6 11. 0-0 0-0 12. Qd2 Be6 13. b3 Qd7 14. Rad1 f5 15. exf5 gxf5 16. f4 Rad8 17. Kh1 a6 18. Bb1 b5 19. cxb5 Nxb5 20. Ne2 e4 21. Qa5 Qb7 22. Rd2 Rd7 23. Rfd1 Rfd8 24. Qb4 Bf8 25. Rd4 Nxd4 26. Qxd4 Rg7 27. Qd2 Rg6 28. Qa5 Qb5 29. Qd2 Qb7 30. Nd4 Qf7 31. Qa5 Rd7 32. Qxa6 Rh6 33. Qe2 Qe7 34. g4 fxg4 35. f5 Bd5 36. Qxg4+ Qg7 37. Qf4 Kh8 38. Bxe4 Bxe4+ 39. Qxe4 Rh3 40. Ne6 Qg3 41. Bd4+ Bg7 42. Qa8+ 1-0

[Event "Villa Santiago op"]
[Site "Santiago de Cuba"]
[Date "2018.08.09"]
[Round "2"]
[White "Fortanelli Rios, Juan Manuel"]
[Black "Ruiz Bisbe, Yamir"]
[Result "0-1"]
[WhiteElo "1861"]
[BlackElo "1981"]
[PlyCount "68"]
[EventDate "2018.08.08"]
[EventType "swiss"]
[EventRounds "7"]
[EventCountry "CUB"]
[SourceTitle "EXT 2021"]
[Source "ChessBase"]
[SourceDate "2020.10.23"]
[SourceVersion "1"]
[SourceVersionDate "2020.10.23"]
[SourceQuality "1"]

1. e4 e5 2. Nf3 Nc6 3. d4 exd4 4. Nxd4 Bc5 5. Be3 Bb6 6. Bc4 Nf6 7. Nxc6 bxc6 8. Bxb6 axb6 9. e5 Qe7 10. 0-0 Nd5 11. Bxd5 cxd5 12. Qxd5 Ra5 13. Qd2 Rxe5 14. Nc3 0-0 15. Rad1 Re8 16. Nd5 Qd6 17. Ne3 Qe6 18. b3 d6 19. Nd5 Bb7 20. c4 Bxd5 21. cxd5 Qe7 22. Qc3 Qd7 23. Rd4 Qb5 24. Rfd1 Qc5 25. Rc4 Qxd5 26. Rf1 c5 27. Rg4 g6 28. Rg3 Qe6 29. f4 Re1 30. Qd3 Rxf1+ 31. Qxf1 Qe1 32. Rd3 Qxf1+ 33. Kxf1 Re6 34. Kf2 Kf8 0-1

[Event "Wch U18"]
[Site "Montevideo"]
[Date "2017.09.25"]
[Round "10"]
[White "Fortanelli Rios, Juan Manuel"]
[Black "Amaral, Francisco"]
[Result "1-0"]
[WhiteElo "1738"]
[BlackElo "1605"]
[PlyCount "94"]
[EventDate "2017.09.17"]
[EventType "swiss"]
[EventRounds "11"]
[EventCountry "URU"]
[SourceTitle "EXT 2018"]
[Source "ChessBase"]
[SourceDate "2017.10.13"]
[SourceVersion "1"]
[SourceVersionDate "2017.10.13"]
[SourceQuality "1"]

1. e4 d5 2. exd5 Qxd5 3. Nc3 Qa5 4. d4 Nf6 5. Nf3 c6 6. Bc4 Bg4 7. h3 Bh5 8. g4 Bg6 9. Ne5 Nbd7 10. Nxg6 hxg6 11. Qf3 e6 12. Bd2 Qc7 13. 0-0-0 Nb6 14. Bb3 Bd6 15. Ne4 Nxe4 16. Qxe4 a5 17. Rde1 Nd5 18. Bxd5 cxd5 19. Qxd5 0-0 20. Qe4 a4 21. h4 b5 22. Rh3 b4 23. Kb1 Rfc8 24. Rc1 Qc4 25. c3 b3 26. Qd3 bxa2+ 27. Ka1 Qb3 28. c4 Rab8 29. Qxb3 Rxb3 30. Rcc3 Rcb8 31. Bc1 Kf8 32. Kxa2 e5 33. Rxb3 axb3+ 34. Rxb3 Ra8+ 35. Kb1 exd4 36. Rd3 Bc5 37. b3 Rb8 38. Kc2 Ke7 39. Bb2 Rd8 40. Bc1 Bb4 41. Bf4 Bc5 42. Bd2 Rb8 43. Ba5 Rb7 44. b4 Bxb4 45. Rb3 d3+ 46. Kd1 Bxa5 47. Rxb7+ Ke6 1-0